Financial incentives for steering education and training

Salvato in:
Dettagli Bibliografici
Natura: Libro
Lingua:inglese
Pubblicazione: Paris OECD 2017
Serie:Getting skills right
Soggetti:
Tags: Aggiungi Tag
Nessun Tag, puoi essere il primo ad aggiungerne!!

MARC

LEADER 00000nam a2200000 4500
001 0233389
005 20240314122927.2
020 |a 978-92-64-27240-8 
041 0 |a eng 
044 |a FR 
245 1 0 |a Financial incentives for steering education and training 
264 1 |a Paris  |b OECD  |c 2017 
300 |a 126 s. 
490 1 |a Getting skills right 
830 0 |a Getting skills right 
610 2 0 |a stratégia hospodárska 
610 2 0 |a vzdelávanie 
610 2 0 |a kurzy 
610 2 0 |a sily pracovné 
610 2 0 |a zručnosti 
610 2 0 |a financovanie 
610 2 0 |a trh práce 
610 2 0 |a dopyt 
610 2 0 |a ponuka 
610 2 0 |a podpora vzdelávania 
610 2 0 |a potreby ekonomické